|
|
|
|
| LEADER |
00687nam a2200205 a 4500 |
| 001 |
000534081 |
| 003 |
CZ BrMZK |
| 005 |
20000105143423.0 |
| 007 |
ta |
| 008 |
000105s1975 xo f slo d |
| 040 |
|
|
|a BOA001
|b cze
|
| 245 |
0 |
0 |
|a Školský atlas československých dejín :
|b príloha /
|c zodp. red. Petr Cafourek
|
| 250 |
|
|
|a 1. slov. vyd.
|
| 260 |
|
|
|a Bratislava :
|b Slov. kartografia,
|c 1975
|
| 300 |
|
|
|a 4 s. +
|e 4 mp. příl.
|
| 700 |
1 |
|
|a Cafourek, Petr
|7 jk01020515
|4 lso
|
| 910 |
|
|
|a BOA001
|b 4-0755.095
|
| 964 |
|
|
|a Československé dějiny - od r.1945 - atlasy
|
| 990 |
|
|
|a BK
|
| 996 |
6 |
|
|b 2619740055
|c 4-0755.095
|l MZK
|r Sklad / do 1 hodiny
|n 0
|w 000534081
|u 000010
|a 1
|e BOA001
|j MZK50
|s P
|